The wonder book of chemistry /

Bibliographic Details
Main Author: Fabre, Jean-Henri, 1823-1915
Other Authors: Bicknell, Florence Constable
Format: Book
Language:English
French
Published: New York : Boni, 1930.
Subjects:

MARC

Tag First Indicator Second Indicator Subfields
LEADER 00000cam a2200000 4500
001 in00000043135
005 20151007070852.0
008 800602s1930 nyua 00010 eng d
035 |a (OCoLC)06380114 
035 |9 AAE4876AM 
040 |a TXA  |c TXA  |d UtOrBLW 
041 1 |a eng  |a fre 
049 |a TXAM  |c [45177] 
090 |a QD35  |b .F33 1930 
092 |a 540  |b F12w 
100 1 |a Fabre, Jean-Henri,  |d 1823-1915. 
245 1 4 |a The wonder book of chemistry /  |c by Jean-Henri Fabre ... tr. from the French by Florence Constable Bicknell. 
264 1 |a New York :  |b Boni,  |c 1930. 
300 |a 6 pages ., 3-385 pages :  |b illustrations ;  |c 21 cm. 
336 |a text  |b txt  |2 rdacontent 
337 |a unmediated  |b n  |2 rdamedia 
338 |a volume  |b nc  |2 rdacarrier 
650 0 |a Chemistry  |v Juvenile literature. 
700 1 |a Bicknell, Florence Constable. 
999 |a MARS 
999 f f |s a6c4fccc-cfae-3e2c-b1fb-ea1020422c81  |i d1cc68d4-b972-3e4c-b606-f8ade92438b3  |t 0 
952 f f |p ric  |a Texas A&M University  |b Rellis Campus  |c Joint Library Facility  |d Remote Storage  |t 0  |e QD35 .F33 1930  |h Library of Congress classification  |i unmediated -- volume  |m A14800931371 
998 f f |a QD35 .F33 1930  |t 0  |l Remote Storage